000 00632nam a2200169 4500
008 171002b xxu||||| |||| 00| 0 eng d
020 _a0-534-56304-X (pbk./CD-ROM)
082 _21999
_aDC 520
_bSe3
100 _922881
_aSeeds, Michael A
245 _aAstronomy :
_bthe solar system and beyond /
_cMichael A. Seeds.
260 _aBelmont, CA :
_bWadsworth Publishing Company,
_c©1999.
300 _axiv, 466 pages :
_billustrations (some colored), color maps ;
_c28 cm.
_e + 1 computer laser optical disc (4 3/4 in.)
500 _aIncludes index.
650 0 _922882
_aAstronomy
650 0 _922883
_aAstrophysics
942 _2ddc
_cDC
999 _c7564
_d7564